| 000 | 00514nam a2200205Ia 4500 | ||
|---|---|---|---|
| 005 | 20240823050959.0 | ||
| 008 | 240823s9999||||xx |||||||||||||| ||und|| | ||
| 020 | _a81-7409-036-3 | ||
| 041 | _aENGLISH | ||
| 082 | _A621 P3 | ||
| 100 | _aNarayanan C M | ||
| 245 | 0 | _aMechanical Operations for Chemical Engineers | |
| 250 | _a3rd | ||
| 260 |
_c2003 _b"Khanna Publishers," |
||
| 500 | _aYES | ||
| 650 |
_aMechanical Operations _bMechanical |
||
| 700 | _a BHATTACHARYYA B C | ||
| 942 | _cBK | ||
| 999 |
_c218499 _d218499 |
||